NLSUI OPAC header image

The historian’s craft / (Record no. 120892)

MARC details
000 -LEADER
fixed length control field 00795nam a22002057a 4500
005 - DATE AND TIME OF LATEST TRANSACTION
control field 20260203104437.0
008 - FIXED-LENGTH DATA ELEMENTS--GENERAL INFORMATION
fixed length control field 201006b2015 ||||| |||| 00| 0 eng
020 ## - INTERNATIONAL STANDARD BOOK NUMBER
International Standard Book Number 9780719032929
082 ## - DEWEY DECIMAL CLASSIFICATION NUMBER
Classification number 907 BLO
100 ## - MAIN ENTRY--PERSONAL NAME
Dates associated with a name Bloch March
245 ## - TITLE STATEMENT
Title The historian’s craft /
Statement of responsibility, etc. March Bloch
260 ## - PUBLICATION, DISTRIBUTION, ETC.
Place of publication, distribution, etc. New York :
Name of publisher, distributor, etc. Knopf,
Date of publication, distribution, etc. 2015.
300 ## - PHYSICAL DESCRIPTION
Extent xxii, 163 p. :
Dimensions 24 cm
505 ## - Contents
Contents Table of contents<br/>A note on the manuscripts of the present book, Lucien Febvre; "The Historian's Craft" introduction; history, men and time; historical observation; historical criticism; historical analysis; historical causation
650 ## - SUBJECT ADDED ENTRY--TOPICAL TERM
Form subdivision Historiography
650 ## - SUBJECT ADDED ENTRY--TOPICAL TERM
Topical term or geographic name entry element Historians-Feudalism-Biography
650 ## - SUBJECT ADDED ENTRY--TOPICAL TERM
Topical term or geographic name entry element Philosophy-History- Methode
650 ## - SUBJECT ADDED ENTRY--TOPICAL TERM
Topical term or geographic name entry element Geschichtsschreibung-Literary
942 ## - ADDED ENTRY ELEMENTS (KOHA)
Source of classification or shelving scheme Dewey Decimal Classification
Koha item type BOOKs
Holdings
Withdrawn status Lost status Source of classification or shelving scheme Materials specified (bound volume or other part) Damaged status Not for loan Home library Current library Shelving location Date acquired Source of acquisition Cost, normal purchase price Total Checkouts Full call number Barcode Date last seen Price effective from Koha item type
    Dewey Decimal Classification PB     NLS NLS General Stacks 06/10/2017 Purchased 1239.00   907 BLO 34774 06/10/2020 06/10/2020 BOOKs